000 00326nam a2200097Ia 4500
008 180130s9999 xx 000 0 und d
245 _cGoldstein, Gerald
_aNeurocognitive disorders
260 _c2014
300 _aBook title: Adult psychopathology and diagnosis--Acession number C20776; pages 705-738
650 _aPSYCHOPATHOLOGY
999 _c353924
_d353924